<?xml version="1.0" encoding="UTF-8"?>
<record
    xmlns:xsi="http://www.w3.org/2001/XMLSchema-instance"
    xsi:schemaLocation="http://www.loc.gov/MARC21/slim http://www.loc.gov/standards/marcxml/schema/MARC21slim.xsd"
    xmlns="http://www.loc.gov/MARC21/slim">

  <leader>03578    a2200349   4500</leader>
  <controlfield tag="003">Nust</controlfield>
  <controlfield tag="005">20170207165829.0</controlfield>
  <datafield tag="020" ind1=" " ind2=" ">
    <subfield code="a">9780470502938</subfield>
  </datafield>
  <datafield tag="020" ind1=" " ind2=" ">
    <subfield code="a">9780470502938</subfield>
  </datafield>
  <datafield tag="035" ind1=" " ind2=" ">
    <subfield code="a">(AU-PeEL)EBL448929</subfield>
  </datafield>
  <datafield tag="035" ind1=" " ind2=" ">
    <subfield code="a">(EBZ)ebs792668e</subfield>
  </datafield>
  <datafield tag="035" ind1=" " ind2=" ">
    <subfield code="a">(OCoLC)457224585</subfield>
  </datafield>
  <datafield tag="035" ind1=" " ind2=" ">
    <subfield code="a">(WaSeSS)ssj0000173520</subfield>
  </datafield>
  <datafield tag="040" ind1=" " ind2=" ">
    <subfield code="c">Nust</subfield>
  </datafield>
  <datafield tag="082" ind1="0" ind2="0">
    <subfield code="a">658.40</subfield>
  </datafield>
  <datafield tag="100" ind1="1" ind2=" ">
    <subfield code="a">Pellerin, Charles J.</subfield>
  </datafield>
  <datafield tag="245" ind1="1" ind2="0">
    <subfield code="a">How NASA Builds Teams E-Book</subfield>
    <subfield code="h">[Elektronisk resurs] :</subfield>
    <subfield code="b">Mission Critical Soft Skills for Scientists, Engineers, and Project Teams.</subfield>
  </datafield>
  <datafield tag="260" ind1=" " ind2=" ">
    <subfield code="a">Hoboken :</subfield>
    <subfield code="b">John Wiley &amp; Sons, Inc.,</subfield>
    <subfield code="c">2009.</subfield>
  </datafield>
  <datafield tag="300" ind1=" " ind2=" ">
    <subfield code="a">1 online resource (288 p.)</subfield>
  </datafield>
  <datafield tag="500" ind1=" " ind2=" ">
    <subfield code="a">Description based upon print version of record.</subfield>
  </datafield>
  <datafield tag="505" ind1="0" ind2=" ">
    <subfield code="a">Chapter 12: People Need to Feel Appreciated by YouChapter 13: Mine the Gold in Your Shared Interests; Chapter 14: People Need to Feel Included by You; Chapter 15: Building Trustworthy Contexts; Chapter 16: Creating the Future You Want; Chapter 17: Your Team Can't Afford Drama; Chapter 18: Don't Put Good People in Bad Places; Epilogue: Hubble's Legacy; References; Index; </subfield>
  </datafield>
  <datafield tag="505" ind1="0" ind2=" ">
    <subfield code="a">Chapter 3: The 4-D SystemPart II: USING 4-D ASSESSMENTS AND REPRESENTATIVE RESULTS FROM NASA; Chapter 4: The 4-D Assessment Process; Chapter 5: NASA's 4-D Teambuilding Results; Part III: 4-D DIAGNOSTICS; Chapter 6: Using the 4-D System to Color Your Personalities; Chapter 7: Using the 4-D System to Analyze Cultures; Chapter 8: Incoherent Project Mindset Colors? Update Your Resume; Part IV: SHIFTING THE CONTEXT; Chapter 9: The Context Shifting Worksheet (CSW); Chapter 10: Red Story-Lines Limit Team Performance; Chapter 11: Manage Your Emotions to Manage Your Team's Energy</subfield>
  </datafield>
  <datafield tag="505" ind1="0" ind2=" ">
    <subfield code="a">HOW NASA BUILDS TEAMS: Mission Critical Soft Skills for Scientists, Engineers, and Project Teams; Contents; Acknowledgments; Introduction; The Vision-Moving Your Team's Performance into the Top 20 Percent; How This All Began; NASA's Bottom-Quintile Teams Improve; Teambuilding for Technical Teams; A Broader Perspective on Teambuilding; An Application Summary for this Introduction; Part I: UNDERSTANDING AND ANALYZING CONTEXT; Chapter 1: Think You Can Ignore Context? Hubble's Flawed Mirror Might Wake You Up; Chapter 2: Managing Social Context Manages Technical Performance</subfield>
  </datafield>
  <datafield tag="520" ind1=" " ind2=" ">
    <subfield code="a">Every successful organization needs high-performance teams to compete and succeed. Yet, technical people are often resistant to traditional "touchy-feely" teambuilding. To improve communication, performance, and morale among NASA's technical teams, former NASA Astrophysicist Dr. Charlie Pellerin developed the teambuilding process described in "How NASA Builds Teams"-an approach that is proven, quantitative, and requires only a fraction of the time and resources of traditional training methods. This "4-D" process has boosted team performance in hundreds of NASA project teams, engineering teams,</subfield>
  </datafield>
  <datafield tag="650" ind1=" " ind2="4">
    <subfield code="a">Soft skills.</subfield>
  </datafield>
  <datafield tag="650" ind1=" " ind2="4">
    <subfield code="a">Teams in the workplace.</subfield>
  </datafield>
  <datafield tag="650" ind1=" " ind2="4">
    <subfield code="a">United States. National Aeronautics and Space Administration.</subfield>
  </datafield>
  <datafield tag="655" ind1=" " ind2="0">
    <subfield code="a">Electronic books.</subfield>
  </datafield>
  <datafield tag="856" ind1="4" ind2="0">
    <subfield code="u">http://proxy.lib.chalmers.se/login?url=http://library.books24x7.com/library.asp?^B&amp;bookid=33698</subfield>
  </datafield>
  <datafield tag="856" ind1="4" ind2="0">
    <subfield code="u">http://sfxeu11.hosted.exlibrisgroup.com/sfxmiu/?url_ver=Z39.88-2004&amp;ctx_ver=Z39.88-2004&amp;ctx_enc=info:ofi/enc:UTF-8&amp;rfr_id=info:sid/sfxit.com:opac_856&amp;url_ctx_fmt=info:ofi/fmt:kev:mtx:ctx&amp;sfx.ignore_date_threshold=1&amp;rft.object_id=1000000000773885&amp;svc_val_fmt=info:ofi/fmt:kev:mtx:sch_svc&amp;</subfield>
  </datafield>
  <datafield tag="856" ind1="4" ind2="0">
    <subfield code="u">https://login.e.bibl.liu.se/login?url=http://www.books24x7.com/marc.asp?bookid=33698</subfield>
  </datafield>
  <datafield tag="942" ind1=" " ind2=" ">
    <subfield code="2">ddc</subfield>
    <subfield code="c">BK</subfield>
  </datafield>
  <datafield tag="999" ind1=" " ind2=" ">
    <subfield code="c">213221</subfield>
    <subfield code="d">213221</subfield>
  </datafield>
  <datafield tag="952" ind1=" " ind2=" ">
    <subfield code="0">0</subfield>
    <subfield code="1">0</subfield>
    <subfield code="2">ddc</subfield>
    <subfield code="4">0</subfield>
    <subfield code="7">0</subfield>
    <subfield code="8">NFIC</subfield>
    <subfield code="a">MCS</subfield>
    <subfield code="b">MCS</subfield>
    <subfield code="d">2016-12-12</subfield>
    <subfield code="l">0</subfield>
    <subfield code="o">658.40  PEL</subfield>
    <subfield code="p">MCSEB-3196</subfield>
    <subfield code="r">2016-12-08</subfield>
    <subfield code="w">2016-12-12</subfield>
    <subfield code="y">BK</subfield>
  </datafield>
</record>
